Sports Quiz

Random Sports Quiz
Score 0/62 Timer 05:00
0 Plays Today
Year Driver % Correct
1960None
97.8%
1961None
95.7%
1963None
95.7%
1964None
95.7%
1965None
95.7%
1967None
95.7%
1969None
95.7%
1970None
95.7%
1971None
95.7%
1975None
95.7%
1976None
95.7%
1977None
95.7%
1978Bill Elliott
95.7%
1979None
95.7%
1980Bill Elliott
95.7%
1981Bill Elliott
95.7%
1982Bill Elliott
95.7%
1983Bill Elliott
95.7%
1984Bill Elliott
95.7%
1985Bill Elliott (W)
95.7%
1986Bill Elliott
95.7%
1987Bill Elliott (W)
95.7%
1988Bill Elliott
95.7%
1989Bill Elliott
95.7%
1990Bill Elliott
95.7%
1991Bill Elliott
95.7%
2001Bill Elliott
95.7%
2002Bill Elliott
95.7%
2003Bill Elliott
95.7%
2016None
95.7%
2017None
95.7%
Year Driver % Correct
2018Chase Elliott
95.7%
2020Chase Elliott
95.7%
2019Chase Elliott
95.7%
2004Kasey Kahne
87%
2005Kasey Kahne
87%
2006Kasey Kahne
87%
2007Kasey Kahne
87%
2008Kasey Kahne
87%
2009Kasey Kahne
87%
2010Kasey Kahne
87%
2011Marcos Ambrose
76.1%
2012Marcos Ambrose
76.1%
2013Marcos Ambrose
76.1%
2014Marcos Ambrose
76.1%
1995Lake Speed
54.3%
1996Lake Speed
54.3%
1997Lake Speed
54.3%
1998Lake Speed
54.3%
1999Jerry Nadeau
39.1%
2000Stacy Compton
37%
2015Sam Hornish Jr.
37%
1992Phil Parsons
23.9%
1993Chad Little
21.7%
1994Joe Ruttman
19.6%
1959Roy Tyner
8.7%
1968Roy Tyner
8.7%
1973Pete Hamilton
8.7%
1962Art Brady
6.5%
1966Larry Frank
6.5%
1974Tony Bettenhausen
6.5%
1972Ramo Stott
4.3%
Remove Ads.
Support Sporcle.
Get the best of Sporcle when you Go Orange. This ad-free experience offers more features, more stats, and more fun while also helping to support Sporcle. Thank you for becoming a member.

You're not logged in!

Compare scores with friends on all Sporcle quizzes.
OR
Log In

Sporcle TV

Today on Sporcle TV


Watch our educational content, quiz creation guides, and fun videos on Sporcle TV.

Show Comments

Extras

Top Quizzes Today


Score Distribution

Paid Content

Your Account Isn't Verified!

In order to create a playlist on Sporcle, you need to verify the email address you used during registration. Go to your Sporcle Settings to finish the process.

Report this User

Report this user for behavior that violates our Community Guidelines.

Details: